Представление документа в формате MARC21

ПолеНазваниеЗначение
  Тип записи a
  Библиографический уровень m
001 Контрольный номер RU\infra-m\znanium\bibl\2231464
005 Дата корректировки 20260429142310.6
008 Кодируемые данные 251222s2025 RU g rus u
020 Индекс ISBN __
a ISBN 978-5-369-01460-8
020 Индекс ISBN __
a ISBN 978-5-16-103473-6 (электр. издание)
020 Индекс ISBN __
a ISBN 978-5-16-011299-2 (ISBN соиздателя)
040 Источник каталогиз. __
a Служба первич. каталог. Общество с ограниченной ответственностью «ЗНАНИУМ»
041 Код языка издания __
a Код языка текста rus
044 Код страны публикации __
a Код страны публикации RU
080 Индекс УДК __
a Индекс УДК 94(47).084
084 Индекс другой классификации/Индекс ББК __
2 Источник индекса rubbk
a Индекс другой классификации/Индекс ББК 63.3(2)613
084 Индекс другой классификации/Индекс ББК __
2 Источник индекса okso
a Индекс другой классификации/Индекс ББК 37.03.01
084 Индекс другой классификации/Индекс ББК __
2 Источник индекса okso
a Индекс другой классификации/Индекс ББК 39.03.01
084 Индекс другой классификации/Индекс ББК __
2 Источник индекса okso
a Индекс другой классификации/Индекс ББК 39.04.01
084 Индекс другой классификации/Индекс ББК __
2 Источник индекса okso
a Индекс другой классификации/Индекс ББК 41.03.04
084 Индекс другой классификации/Индекс ББК __
2 Источник индекса okso
a Индекс другой классификации/Индекс ББК 44.03.01
084 Индекс другой классификации/Индекс ББК __
2 Источник индекса okso
a Индекс другой классификации/Индекс ББК 44.03.05
084 Индекс другой классификации/Индекс ББК __
2 Источник индекса okso
a Индекс другой классификации/Индекс ББК 46.03.01
084 Индекс другой классификации/Индекс ББК __
2 Источник индекса okso
a Индекс другой классификации/Индекс ББК 46.04.01
084 Индекс другой классификации/Индекс ББК __
2 Источник индекса okso
a Индекс другой классификации/Индекс ББК 47.03.01
100 Автор __
a Автор Оришев А.Б.
q Полное имя Оришев Александр Борисович
u Дополнение Российский государственный аграрный университет - МСХА им. К.А. Тимирязева
245 Заглавие __
a Заглавие Повседневная жизнь советского человека в эпоху НЭПа: историографический анализ
b Продолж. заглавия Монография
c Ответственность Российский государственный аграрный университет - МСХА им. К.А. Тимирязева
250 Сведения об издании __
a Основные сведения об издании 1
260 Выходные данные __
a Место издания Москва
b Издательство Издательский Центр РИОР
c Дата издания 2026
300 Физическое описание __
a Объем 150 с.
440 Серия __
a Серия Научная мысль
520 Аннотация __
a Аннотация Книга является одной из первых крупных научных работ в которой проведен глубокий анализ основных достижений историографии НЭПа. Авторы осуществили реконструкцию малоизученных или вовсе не изученных аспектов историографии НЭПа. Особое внимание они уделили исследованиям повседневности образовательной сферы прежде всего советского студенчества. Это наиболее полное достоверное и всестороннее осмысление не только конкретно-исторического материала но и состояния научного знания о периоде новой экономической политики. Предназначена историкам культурологам экономистам студентам и преподавателям а также всем кто интересуется периодом НЭПа в истории нашей страны.
521 Примеч. о цел. назн. __
a Примеч. о целев. назн. ДПО - повышение квалификации
650 Тематические рубрики __
a Основная рубрика История. Исторические науки
x Основная подрубрика История Советского Союза
655 Указ. предметных рубрик (устаревшее) __
a Жанр/ форма (устаревшее) Монография
700 Другие авторы __
a Другие авторы Тарасенко В.Н.
q Полное имя Тарасенко Виталий Николаевич
u Дополнение Российский государственный аграрный университет - МСХА им. К.А. Тимирязева
856 Электронный адрес документа 4_
a Имя сервера/домена znanium.ru
m Помощь ebs_support@infra-m.ru
n Местонахождение сервера НИЦ ИНФРА-М
u URL https://znanium.ru/catalog/document?id=475359
856 Электронный адрес документа 48
a Имя сервера/домена znanium.ru
d Путь /cover/2231
f Электронное имя 2231464.jpg
q Тип электронного формата image/jpeg
u URL https://znanium.ru/cover/2231/2231464.jpg
911 __
u 0030=https://znanium.ru/catalog/document?id=475359